Kajian pembangunan sosial di Majlis Perbandaran Seberang Perai, Pulau Pinang /
Saved in:
| Main Author: | |
|---|---|
| Format: | Thesis Book |
| Language: | Malay |
| Published: |
2004.
|
| Subjects: | |
| Online Access: | http://studentsrepo.um.edu.my/id/eprint/2277 |
| Tags: |
Add Tag
No Tags, Be the first to tag this record!
|
| LEADER | 01007cam a2200253 a 4500 | ||
|---|---|---|---|
| 001 | u717206 | ||
| 003 | SIRSI | ||
| 008 | 060123s2004 my a t 00 may m | ||
| 040 | |a UMM | ||
| 043 | |a a-my-pp | ||
| 090 | |a JF1338 |b UM 2004 Mohra | ||
| 100 | 0 | 0 | |a Mohd Rizal Akhir |
| 245 | 1 | 0 | |a Kajian pembangunan sosial di Majlis Perbandaran Seberang Perai, Pulau Pinang / |c Mohd Rizal Akhir. |
| 260 | |c 2004. | ||
| 300 | |a ix, [152] leaves : |b ill. ; |c 30 cm. | ||
| 502 | |a Dissertation (M.P.A.) -- Fakulti Ekonomi dan Pentadbiran, Universiti Malaya, 2005. | ||
| 504 | |a Includes bibliographical references. | ||
| 610 | 1 | 0 | |a Pulau Pinang. |b Majlis Perbandaran Seberang Perai. |
| 651 | 0 | |a Seberang Perai (Pulau Pinang) |x Social conditions | |
| 710 | 2 | 0 | |a Universiti Malaya. |b Fakulti Ekonomi dan Pentadbiran. |
| 856 | 4 | 1 | |u http://studentsrepo.um.edu.my/id/eprint/2277 |
| 900 | |a MRM | ||
| 596 | |a 1 | ||
| 999 | |a JF1338 UM 2004 MOHRA |w LC |c 1 |i A512499899 |d 26/3/2022 |e 26/3/2022 |f 24/2/2006 |g 1 |l STACKS |m P01UTAMA |n 4 |r Y |s Y |t TESIS |u 21/2/2006 | ||
